Exposición de motivos del proyecto de ley : (Registro nro. 4875)

Detalles MARC
000 -LEADER
fixed length control field 01025nam a2200229Ia 4500
003 - CONTROL NUMBER IDENTIFIER
control field OSt
005 - DATE AND TIME OF LATEST TRANSACTION
control field 20200728120211.0
008 - FIXED-LENGTH DATA ELEMENTS--GENERAL INFORMATION
fixed length control field 191128s1992 ck ad gr 000 0 spa d
040 ## - CATALOGING SOURCE
Original cataloging agency CO-JMCR
Transcribing agency CO-JMCR
041 0# - LANGUAGE CODE
Language code of text/sound track or separate title spa
082 04 - DEWEY DECIMAL CLASSIFICATION NUMBER
Classification number 331.2522861 /
Item number C646e
Edition number 23
110 1# - MAIN ENTRY--CORPORATE NAME
Corporate name or jurisdiction name as entry element Colombia Ministerio de Trabajo y Seguridad Social
9 (RLIN) 7958
245 10 - TITLE STATEMENT
Title Exposición de motivos del proyecto de ley :
Remainder of title por el cual se crea el sistema de ahorro pensional y se dictan otras disposiciones sobre seguridad social /
Statement of responsibility, etc. Ministerio de Trabajo y Seguridad Social ; Luis Fernando Ramírez Acuña ; Héctor José Cadena Clavijo
260 ## - PUBLICATION, DISTRIBUTION, ETC.
Place of publication, distribution, etc. Bogotá :
Name of publisher, distributor, etc. Ministerio de Trabajo y Seguridad Social,
Date of publication, distribution, etc. 1992.
300 ## - PHYSICAL DESCRIPTION
Extent 72 páginas
Other physical details ilustraciones, gráficos a blanco y negro ;
Dimensions 22 cm.
650 14 - SUBJECT ADDED ENTRY--TOPICAL TERM
Topical term or geographic name entry element Seguridad social
9 (RLIN) 6217
650 24 - SUBJECT ADDED ENTRY--TOPICAL TERM
Topical term or geographic name entry element Ahorro y pensiones
9 (RLIN) 7959
650 24 - SUBJECT ADDED ENTRY--TOPICAL TERM
Topical term or geographic name entry element Sistemas de pensiones
9 (RLIN) 7960
700 1# - ADDED ENTRY--PERSONAL NAME
Personal name Luis Fernando Ramírez Acuña
Relator term autor
9 (RLIN) 7961
700 1# - ADDED ENTRY--PERSONAL NAME
Personal name Héctor José Cadena Clavijo
Relator term autor
9 (RLIN) 7962
942 ## - ADDED ENTRY ELEMENTS (KOHA)
Source of classification or shelving scheme Dewey Decimal Classification
Koha item type Books
Existencias
Withdrawn status Lost status Source of classification or shelving scheme Materials specified (bound volume or other part) Damaged status Not for loan Home library Current library Shelving location Date acquired Source of acquisition Full call number Barcode Date last seen Copy number Price effective from Koha item type
    Dewey Decimal Classification Donación--15/04/2018--     Biblioteca Pública José María del Castillo y Rada Biblioteca Pública José María del Castillo y Rada General Stacks 11/28/2019 Donación 331.2522861 / C646e 430000903 05/16/2024 Ej.1 11/28/2019 Books